Normal view
MARC view
Entry Personal Name
001 - CONTROL NUMBER
- control field: 15516
003 - CONTROL NUMBER IDENTIFIER
- control field: OSt
005 - DATE AND TIME OF LATEST TRANSACTION
- control field: 20220111124506.0
008 - FIXED-LENGTH DATA ELEMENTS
- fixed length control field: 220111|| aca||aabn | a|a d
040 ## - CATALOGING SOURCE
- Original cataloging agency: OSt
- Transcribing agency: OSt
100 ## - HEADING--PERSONAL NAME
- Personal name: Plass, Jan L: Moreno, Roxana: Roland, Brunken
670 ## - SOURCE DATA FOUND
- Source citation: Work cat.: (OSt): Plass, Jan L: Moreno, Roxana: Roland, Brunken, Cognitive Load Theory., 2010
